000 00891nam a2200265 i 4500
001 50210
003 ES-MaACL
005 20250522063044.0
007 t|
008 030801s1959 sp ||||1| spa d
080 _a821.134.2-223"17"
100 1 _aCruz, Ramón de la,
_d1731-1794
_941806
245 1 0 _aSainetes /
_cRamón de la Cruz ; selección, prólogo y notas de Emiliano M. Aguilaera.
260 _aBarcelona :
_bIberia,
_c1959 (
_fGráf. Diamante)
300 _a224 p. ;
_c19 cm.
490 1 _aObras maestras
505 8 _aContiene: ;
_tLa Plaza Mayor ;
_tLa Pradera de San Isidro ;
_tLa casa de Tócame-Roque
700 1 _aAguilaera, Emiliano M.
_918678
740 3 _aLa Plaza Mayor.
740 3 _aLa Pradera de San Isidro.
740 3 _aLa casa de Tócame-Roque.
830 0 _aObras maestras
_9181001
852 _aES-MaACL
_jC-16684
999 _c50210
_d50210